Constitutiones, Pia Societas a Sancto Paulo Apostolo (Record n. 38142)

Dettagli MARC
000 -LEADER
fixed length control field 00626nam a22001697a 4500
003 - CONTROL NUMBER IDENTIFIER
control field IT-RoPau
005 - DATE AND TIME OF LATEST TRANSACTION
control field 20220918175943.0
008 - FIXED-LENGTH DATA ELEMENTS--GENERAL INFORMATION
fixed length control field 130222b xxu||||| |||| 00| 0 eng d
040 ## - CATALOGING SOURCE
Transcribing agency IT-RoPau
245 ## - TITLE STATEMENT
Title Constitutiones, Pia Societas a Sancto Paulo Apostolo
250 ## - EDITION STATEMENT
Edition statement 1° ed.
260 ## - PUBLICATION, DISTRIBUTION, ETC. (IMPRINT)
Place of publication, distribution, etc. Alba
Name of publisher, distributor, etc. PSSP
Date of publication, distribution, etc. 1927
300 ## - PHYSICAL DESCRIPTION
Extent 75 pp.
Dimensions 22 cm
490 ## - SERIES STATEMENT
Series statement I
Volume/sequential designation I
520 ## - SUMMARY, ETC.
Summary, etc. Index generalis<br/><br/>Pars prima<br/>De fine et membris Piae Societatis a Sancto Paulo Apostolo<br/><br/>Part secunda<br/>De vita et operibus in Pia Societate a Sancto Paulo Apostolo<br/><br/>Part tertia<br/>De regimine Piae Socetatis a Sancto Paulo Apostolo
942 ## - ADDED ENTRY ELEMENTS (KOHA)
Source of classification or shelving scheme Dewey Decimal Classification
Koha item type LIBRO
Dati di copia
Withdrawn status Lost status Source of classification or shelving scheme Damaged status Not for loan Home library Current library Date acquired Total Checkouts Full call number Date last seen Price effective from Koha item type
    Dewey Decimal Classification Buone Condizioni Not For Loan PAULUS-BIBLIOTECA PAULUS-BIBLIOTECA 22/02/2013   P C3 22/02/2013 22/02/2013 LIBRO
CREDITS: SOCIETA' SAN PAOLO Via A.Severo, 58 - ROMA (RM) & PERIODICI SAN PAOLO SRL Via Giotto, 36 MILANO & CISF Via Giotto, 36 MILANO & EDIZIONI SAN PAOLO SRL,  Piazza Soncino, 5 CINISELLO BALSAMO (MI) -- ITALY